Statistics for Upside Down World Map 6 x 16 Puzzle by Countries in 90 seconds

Click here to take the quiz!

General Stats

  • This quiz has been taken 965 times
    (950 since last reset)
  • The average score is 73 of 96

Answer Stats

PieceType-in% Correct
10 - Belize, Cuba, Guatemala, Honduras, Mexico, Nicaragua, El Salvador, United States, Bahamas, Costa Rica
98%
2 - United States, Mexico
98%
6 - China, Kazakhstan, Mongolia, Kyrgyzstan, India, Russia
98%
11 - Afghanistan, Kyrgyzstan, Kazakhstan, Pakistan, Tajikistan, Turkmenistan, Uzbekistan, Iran, India, China, Russia
98%
29 - Albania, Austria, Bosnia and Herzegovina, Bulgaria, Belarus, Czech Republic, Germany, Greece, Croatia, Hungary, Italy, Lithuania, Moldova, Montenegro, Macedonia, Malta, Poland, Romania, Serbia, Slovenia, Slovakia, San Marino, Turkey, Ukraine, Vatican City, Kosovo, Denmark, Russia, Cyprus
98%
2 - Canada, United States
98%
2 - United States, Canada
98%
2 - United States, Canada
98%
2 - United States, Canada
98%
2 - United States, Canada
98%
15 - Antigua and Barbuda, Barbados, Bahamas, Dominica, Dominican Republic, Grenada, Haiti, Jamaica, Saint Kitts and Nevis, Saint Lucia, Saint Vincent and the Grenadines, Cuba, Colombia, Venezuela, United States
97%
5 - Japan, North Korea, South Korea, Russia, China
97%
3 - China, Mongolia, Russia
97%
9 - Denmark, Estonia, Finland, Latvia, Norway, Sweden, Russia, Lithuania, Belarus
97%
8 - Bangladesh, Bhutan, Burma, Nepal, Thailand, India, China, Laos
96%
13 - Armenia, Azerbaijan, Cyprus, Georgia, Iraq, Iran, Lebanon, Syria, Russia, Ukraine, Turkey, Kazakhstan, Turkmenistan
96%
18 - Andorra, Belgium, Switzerland, Algeria, Spain, France, United Kingdom, Ireland, Liechtenstein, Luxembourg, Morocco, Monaco, Netherlands, Portugal, Tunisia, Italy, Germany, Denmark
96%
1 - United States
95%
1 - Russia
95%
1 - United States
95%
1 - Russia
95%
1 - Russia
95%
1 - Russia
95%
1 - Russia
95%
1 - Russia
95%
1 - Russia
95%
1 - Russia
95%
1 - United States
95%
4 - Australia, Solomon Islands, Vanuatu, France
93%
7 - Palau, East Timor, Indonesia, Federated States of Micronesia, Papua New Guinea, Philippines, Australia
93%
5 - Sri Lanka, India, Indonesia, Thailand, Malaysia
93%
3 - Suriname, France, Brazil
93%
2 - Canada, Denmark
93%
7 - Bolivia, Chile, Peru, Paraguay, Argentina, Brazil, Uruguay
92%
9 - Colombia, Ecuador, Guyana, Trinidad and Tobago, Venezuela, Panama, Peru, Brazil, Suriname
92%
7 - Cambodia, Laos, Philippines, Taiwan, Vietnam, China, Thailand
92%
6 - India, Oman, Iran, United Arab Emirates, Afghanistan, Pakistan
92%
1 - Canada
92%
1 - Canada
92%
1 - Canada
92%
2 - Australia, New Zealand
91%
1 - Australia
91%
1 - Australia
91%
4 - Argentina, Chile, Uruguay, United Kingdom
91%
1 - Australia
91%
1 - Australia
91%
11 - Botswana, Lesotho, Mozambique, Namibia, Swaziland, South Africa, Zambia, Zimbabwe, Angola, Malawi, Democratic Republic of the Congo
91%
4 - Brazil, Paraguay, Argentina, Uruguay
91%
3 - Maldives, Seychelles, India
88%
16 - Angola, Burundi, Democratic Republic of the Congo, Central African Republic, Republic of the Congo, Cameroon, Rwanda, South Sudan, Uganda, Nigeria, Chad, Sudan, Tanzania, Zambia, Gabon, Equatorial Guinea
88%
3 - United Kingdom, Norway, Denmark
87%
17 - United Arab Emirates, Bahrain, Djibouti, Eritrea, Jordan, Kuwait, Qatar, Saudi Arabia, Yemen, Israel, Egypt, Sudan, Ethiopia, Oman, Iran, Iraq, Syria
86%
7 - Egypt, Libya, Sudan, Chad, Tunisia, Cameroon, Niger
86%
14 - Burkina Faso, Mali, Niger, Morocco, Algeria, Tunisia, Libya, Mauritania, Benin, Togo, Ghana, Nigeria, Senegal, Guinea
84%
6 - Brunei, Indonesia, Malaysia, Singapore, Vietnam, Philippines
80%
3 - Japan, Philippines, Federated States of Micronesia
77%
9 - Ethiopia, Kenya, Seychelles, Somalia, Tanzania, Uganda, South Sudan, Sudan, Comoros
75%
1 - South Africa
73%
2 - Iceland, Denmark
72%
8 - Cape Verde, Gambia, Guinea-Bissau, Mauritania, Senegal, Morocco, Guinea, Mali
70%
13 - Benin, Côte d'Ivoire, Gabon, Ghana, Equatorial Guinea, Liberia, Nigeria, São Tomé and Príncipe, Togo, Guinea, Sierra Leone, Burkina Faso, Cameroon
67%
4 - Comoros, Madagascar, Malawi, Mozambique
65%
5 - Federated States of Micronesia, Papua New Guinea, Solomon Islands, Nauru, Marshall Islands
63%
4 - Costa Rica, Panama, Ecuador, Peru
62%
4 - Kiribati, Marshall Islands, Tuvalu, Nauru
59%
1 - Denmark
58%
1 - New Zealand
56%
PACIFIC
54%
PACIFIC
54%
PACIFIC
54%
PACIFIC
54%
PACIFIC
54%
PACIFIC
54%
PACIFIC
54%
PACIFIC
54%
PACIFIC
54%
PACIFIC
54%
PACIFIC
54%
ATLANTIC
53%
ATLANTIC
53%
ATLANTIC
53%
ATLANTIC
53%
ATLANTIC
53%
ATLANTIC
53%
1 - Kiribati
50%
1 - Kiribati
50%
4 - Fiji, Vanuatu, Samoa, Tonga
49%
2 - Federated States of Micronesia, Marshall Islands
48%
INDIAN
41%
INDIAN
41%
INDIAN
41%
INDIAN
41%
1 - Uruguay
39%
2 - Guinea, Sierra Leone
35%
1 - Mauritius
29%
1 - Marshall Islands
29%

Score Distribution

Percentile by Number Answered

Percent of People with Each Score

Your Score History

You have not taken this quiz since the last reset